[Event "Online Olym Div3 E 2020"]
[Site "chess.com INT"]
[Date "2020.07.07"]
[Round "2.3"]
[Board "1"]
[White "Giasi, Viresh"]
[Black "Gavarrete, Nahun"]
[Result "0-1"]
[WhiteTitle "FM"]
[BlackTitle "FM"]
[WhiteElo "2006"]
[BlackElo "2359"]
[WhiteTeam "Suriname"]
[BlackTeam "Honduras"]
[WhiteFideId "8200165"]
[BlackFideId "8400709"]
[EventDate "2020.07.07"]
[EventType "team"]

1. e4 c5 2. c3 g6 3. d3 Bg7 4. Nf3 Nc6 5. h3 Nf6 6. Be2 O-O 7. Qc2 d5 8. Nbd2 e5
9. Nh2 Be6 10. Ndf1 c4 11. Ng3 cxd3 12. Bxd3 Rc8 13. Qe2 dxe4 14. Nxe4 Nxe4 15.
Bxe4 f5 16. Bd3 e4 17. Bc4 Bxc4 18. Qxc4+ Kh8 19. O-O Qa5 20. Bf4 Nd4 21. Qxd4
Bxd4 22. cxd4 Rc2 23. Rfd1 Kg7 24. Nf1 h6 25. h4 Rxb2 26. d5 Rxa2 27. Rac1 Rf7
28. Be5+ Kh7 29. Rc8 g5 30. h5 Rg7 31. Ne3 Rd2 32. Rdc1 Rxd5 33. Nxd5 Qxd5 34.
Bxg7 Kxg7 35. R1c7+ Kf6 36. Rf8+ Ke5 37. Rc1 Kf4 38. Rf6 Qd2 39. Rf1 g4 40. Rxh6
e3 41. fxe3+ Kg3 42. Rf3+ gxf3 43. Rg6+ Kh4 44. h6 f2+ 45. Kh2 f1=N+ 46. Kg1 Ng3
47. Kh2 Nf1+ 48. Kg1 Qe1 49. g3+ Nxg3+ 50. Kg2 Qf1+ 51. Kh2 Qh1# 0-1

[Event "Online Olym Div3 E 2020"]
[Site "chess.com INT"]
[Date "2020.07.07"]
[Round "2.3"]
[Board "2"]
[White "Urbina, Ricardo"]
[Black "Hanoeman, Suradj"]
[Result "1/2-1/2"]
[WhiteTitle "IM"]
[BlackTitle "CM"]
[WhiteElo "2212"]
[BlackElo "1988"]
[WhiteTeam "Honduras"]
[BlackTeam "Suriname"]
[WhiteFideId "8400253"]
[BlackFideId "8200173"]
[EventDate "2020.07.07"]
[EventType "team"]

1. e4 c5 2. Nf3 e6 3. d4 cxd4 4. Nxd4 a6 5. Nc3 Qc7 6. g3 Nc6 7. Bg2 Nf6 8. O-O
Bc5 9. Nb3 Ba7 10. Bf4 Qd8 11. e5 Ng8 12. Ne4 Bb8 13. Bg5 Qb6 14. Nd6+ Bxd6 15.
Qxd6 Qb4 16. Qc7 f6 17. exf6 Nxf6 18. Be3 Kf7 19. Bc5 Qg4 20. Rad1 Re8 21. Nd4
Kg8 22. Nxc6 bxc6 23. Rd4 Qg6 24. Bd6 Qxc2 25. Rf4 Qg6 26. Re1 a5 27. Be4 Nxe4
28. Rexe4 Ba6 29. Rg4 Qf5 30. Be5 g6 31. Qxd7 Qf7 32. Qxf7+ Kxf7 33. Rgf4+ Kg8
34. h4 Rad8 35. Rd4 c5 36. Rxd8 Rxd8 37. Bc3 Rd1+ 38. Kg2 Bb7+ 39. f3 Rd3 40.
Kf2 Bd5 41. a3 Bc6 42. g4 Rd5 43. g5 Rd3 44. Ke2 Rd5 45. Rf6 Rf5 46. Rxf5 exf5
47. Bxa5 Kf7 48. Bb6 c4 49. f4 Ke6 50. Kd2 Kd5 51. Kc3 Ba4 52. Kb4 Bb3 53. a4
Kc6 54. a5 Ba2 55. Bd4 Kb7 56. Kc5 Ka6 57. Bc3 Bb3 58. Kd6 Ba4 59. Ke7 Kb7 60.
Kf8 Bd1 61. Kg7 Bh5 62. Kxh7 Ka6 63. Kg7 Kb5 64. Kf6 Ka6 65. Ke5 Kb5 66. Kd6 Be2
67. Kc7 Bf3 68. Bd2 Ka6 69. Be1 Kb5 70. Kd6 Be2 71. Kd5 Bf3+ 72. Kd4 Be2 73. Bc3
Bh5 74. Kd5 Bf3+ 75. Kd6 Bh5 76. Kc7 Ka6 77. Kc6 Bf3+ 78. Kc5 Be2 79. h5 Bxh5
80. Kxc4 Be2+ 81. Kc5 Bb5 82. b4 Be2 83. Bd4 Bb5 84. Kd6 Be2 85. Bc5 Bb5 86. Ke7
Be2 87. Bf2 Bf3 88. Be1 Be2 89. Ke6 Bf3 90. Ke5 Be2 91. Kd4 Bb5 92. Ke5 Be2 93.
Kf6 Bh5 94. Kf7 Kb5 95. Bf2 Ka6 96. Bb6 Kb5 97. Kf6 Ka6 98. Bc5 Kb5 99. Ke6 Ka6
100. Kd6 Be2 101. Kc7 Bb5 102. Be3 Be2 103. Bc5 Bb5 104. Be3 Be2 105. Bc5 1/2-1/2

[Event "Online Olym Div3 E 2020"]
[Site "chess.com INT"]
[Date "2020.07.07"]
[Round "2.3"]
[Board "3"]
[White "dos Ramos, Rosangela"]
[Black "Figueroa, Any"]
[Result "1-0"]
[WhiteTitle "WFM"]
[WhiteElo "1765"]
[BlackElo "1610"]
[WhiteTeam "Suriname"]
[BlackTeam "Honduras"]
[WhiteFideId "8200521"]
[BlackFideId "8402817"]
[EventDate "2020.07.07"]
[EventType "team"]

1. g3 Nf6 2. Bg2 g6 3. e4 Bg7 4. d4 d6 5. Ne2 O-O 6. O-O e5 7. d5 Nbd7 8. Nbc3
a5 9. a4 Nc5 10. h3 Bd7 11. Be3 b6 12. Qd2 Qc8 13. Kh2 Nh5 14. g4 Nf6 15. f3 h5
16. g5 Nh7 17. h4 f6 18. f4 Bg4 19. fxe5 fxg5 20. Rxf8+ Qxf8 21. Rf1 Bxe5+ 22.
Kh1 Qe7 23. hxg5 Rf8 24. Rxf8+ Qxf8 25. Nf4 Qf7 26. Nd3 Nxd3 27. Qxd3 Bf3 28.
Qf1 Bxg2+ 29. Kxg2 Qxf1+ 30. Kxf1 Kf7 31. Kf2 Nf8 32. Bd2 Nd7 33. b3 Bg7 34. Ne2
Ne5 35. Nf4 Bf8 36. Ne6 Ke7 37. Nxc7 Kd7 38. Ne6 Be7 39. Nd4 Ng4+ 40. Kf3 Ne5+
41. Kf2 Ng4+ 42. Kg3 Ne5 43. Ne6 Ng4 44. Bc3 Ne5 45. Bd4 1-0

[Event "Online Olym Div3 E 2020"]
[Site "chess.com INT"]
[Date "2020.07.07"]
[Round "2.3"]
[Board "4"]
[White "Torres Hernandez, Leslie Carolin"]
[Black "Kaslan, Alexandra"]
[Result "1-0"]
[WhiteTitle "WFM"]
[BlackTitle "WCM"]
[WhiteElo "1884"]
[BlackElo "1435"]
[WhiteTeam "Honduras"]
[BlackTeam "Suriname"]
[WhiteFideId "8400504"]
[BlackFideId "8201340"]
[EventDate "2020.07.07"]
[EventType "team"]

1. e4 e6 2. Nc3 d5 3. g3 d4 4. Nce2 e5 5. Bg2 c5 6. d3 Nc6 7. f4 Bd6 8. f5 Nf6
9. Nf3 Qe7 10. O-O Bd7 11. h3 O-O-O 12. g4 h5 13. g5 Nh7 14. h4 Rdg8 15. Ng3 Nf8
16. Nd2 g6 17. Nc4 Bc7 18. a4 Na5 19. Nxa5 Bxa5 20. Bd2 Qd8 21. Qe1 Bxd2 22.
Qxd2 a6 23. b4 Qb6 24. Rfb1 Bc6 25. b5 axb5 26. axb5 Be8 27. c3 Nd7 28. cxd4
exd4 29. Qf4 Qc7 30. Ra8+ Nb8 31. e5 Bd7 32. b6 Qd8 33. e6 1-0

[Event "Online Olym Div3 E 2020"]
[Site "chess.com INT"]
[Date "2020.07.07"]
[Round "2.3"]
[Board "5"]
[White "Kalidjo, Imaan"]
[Black "Miller, Marlon"]
[Result "1/2-1/2"]
[BlackTitle "FM"]
[WhiteElo "1819"]
[BlackElo "2092"]
[WhiteTeam "Suriname"]
[BlackTeam "Honduras"]
[WhiteFideId "8202478"]
[BlackFideId "8400555"]
[EventDate "2020.07.07"]
[EventType "team"]

1. d4 Nf6 2. Bf4 d5 3. Nf3 g6 4. e3 Bg7 5. Bd3 O-O 6. Nbd2 c5 7. c3 Nc6 8. O-O
Nd7 9. Re1 e5 10. dxe5 Ndxe5 11. Nxe5 Nxe5 12. Bc2 Bg4 13. Qb1 Rc8 14. h3 Be6
15. Bxe5 Bxe5 16. Nf3 Bg7 17. Qd1 Qb6 18. Qc1 h6 19. a4 a5 20. Bd3 Rfd8 21. Nd2
Qc7 22. Qc2 d4 23. Nc4 Rd7 24. Rad1 Rcd8 25. Bf1 dxc3 26. Rxd7 Rxd7 27. bxc3 Qd8
28. Rb1 h5 29. e4 h4 30. Be2 Bxc4 31. Bxc4 Rd2 32. Qb3 Qf6 33. Rf1 b6 34. Bd5
Qf4 35. c4 Bd4 36. Qf3 Qxf3 37. gxf3 Ra2 38. Bc6 Rc2 39. Bb5 Kg7 40. Kg2 Kf6 41.
f4 g5 42. Kf3 Rc3+ 43. Kg4 gxf4 44. Kxh4 Rf3 45. Kg4 Rxf2 46. Rxf2 Bxf2 47. Kxf4 1/2-1/2

[Event "Online Olym Div3 E 2020"]
[Site "chess.com INT"]
[Date "2020.07.07"]
[Round "2.3"]
[Board "6"]
[White "Garcia Reyes, Alejandra Nicolle"]
[Black "Kaslan, Catherine"]
[Result "0-1"]
[BlackTitle "WFM"]
[WhiteElo "1531"]
[BlackElo "1872"]
[WhiteTeam "Honduras"]
[BlackTeam "Suriname"]
[WhiteFideId "8403023"]
[BlackFideId "8201390"]
[EventDate "2020.07.07"]
[EventType "team"]

1. c4 e5 2. Nc3 Nf6 3. Nf3 Nc6 4. d3 d5 5. cxd5 Nxd5 6. e4 Nb6 7. a4 a5 8. Be3
f6 9. Bxb6 cxb6 10. Be2 Be6 11. O-O Bc5 12. Nd2 O-O 13. Nc4 Nd4 14. Ne3 Bb3 15.
Qd2 Bb4 16. Bd1 Be6 17. Kh1 Rc8 18. Rb1 Kh8 19. Bg4 f5 20. exf5 Nxf5 21. Nxf5
Bxf5 22. Bxf5 Rxf5 23. Rbd1 Qd4 24. Qc1 Bxc3 25. bxc3 Rxc3 26. Qb1 Rf6 27. Qb5
Rfc6 28. Rde1 R3c5 29. Qb3 h6 30. Qd1 Rd5 31. Qf3 Rf6 32. Qh3 Qxd3 33. Qc8+ Kh7
34. Qxb7 Rd7 35. Qc8 Rdf7 36. Qc1 Rxf2 37. Rxf2 Rxf2 38. Rd1 Qf5 39. h3 e4 40.
Re1 Qf4 41. Qb1 Qf5 42. Qxe4 Rf1+ 43. Kh2 Qxe4 44. Rxe4 Ra1 45. Kg3 Kg6 46. Kf4
Kf6 47. Rc4 Rb1 48. g4 Rb4 49. Rxb4 axb4 50. Ke3 Ke5 51. Kd3 Kd5 52. h4 g6 53.
h5 gxh5 54. gxh5 Kc5 55. Kc2 Kc4 56. Kb2 b3 57. Kb1 Kb4 58. Kb2 Kxa4 59. Kb1 Ka3
60. Ka1 b2+ 61. Kb1 b5 62. Kc2 Ka2 0-1

[Event "Online Olym Div3 E 2020"]
[Site "chess.com INT"]
[Date "2020.07.07"]
[Round "2.4"]
[Board "1"]
[White "Arias, Lemnys A."]
[Black "Guzman, Christopher"]
[Result "0-1"]
[WhiteTitle "IM"]
[BlackTitle "FM"]
[WhiteElo "2303"]
[BlackElo "2258"]
[WhiteTeam "El Salvador"]
[BlackTeam "Dominican Republic"]
[WhiteFideId "6700284"]
[BlackFideId "6405096"]
[EventDate "2020.07.07"]
[EventType "team"]

1. d4 Nf6 2. Nf3 e6 3. c4 b6 4. a3 d5 5. Nc3 Be7 6. g3 O-O 7. Bg2 Bb7 8. O-O
Nbd7 9. cxd5 Nxd5 10. Nxd5 Bxd5 11. Bf4 c5 12. dxc5 Nxc5 13. b4 Ne4 14. Rc1 Rc8
15. Qd4 Qd7 16. Ne5 Qb7 17. f3 Nf6 18. e4 Bb3 19. g4 Rfd8 20. Qb2 Ba4 21. Be3
Bb5 22. Rfd1 Nd7 23. Bd4 Nxe5 24. Bxe5 f6 25. Bg3 Rxc1 26. Rxc1 Rc8 27. Rd1 Qc6
28. f4 Ba4 29. Rd2 Qc1+ 30. Qxc1 Rxc1+ 31. Kf2 a5 32. Rb2 Rc2+ 33. Rxc2 Bxc2 34.
bxa5 bxa5 35. Bf1 Bb3 36. Ke3 Bxa3 37. Kd3 Bb4 38. Bf2 0-1

[Event "Online Olym Div3 E 2020"]
[Site "chess.com INT"]
[Date "2020.07.07"]
[Round "2.4"]
[Board "3"]
[White "Ortez, Andrea"]
[Black "Castillo Pena, Patricia Evarista"]
[Result "1-0"]
[WhiteTitle "WIM"]
[BlackTitle "WCM"]
[WhiteElo "1969"]
[BlackElo "1770"]
[WhiteTeam "El Salvador"]
[BlackTeam "Dominican Republic"]
[WhiteFideId "6702392"]
[BlackFideId "6412106"]
[EventDate "2020.07.07"]
[EventType "team"]

1. e4 c5 2. c3 d6 3. d4 Nf6 4. Bd3 e5 5. h3 Nbd7 6. Nf3 Be7 7. O-O O-O 8. Qe2 h6
9. Rd1 Qc7 10. Nbd2 Rb8 11. Nf1 a6 12. a4 Re8 13. Ng3 Nf8 14. Nh4 Nd5 15. Nhf5
Nf4 16. Bxf4 exf4 17. Qg4 Ng6 18. Nxe7+ Nxe7 19. Qxf4 Ng6 20. Qf3 c4 21. Bc2 Bd7
22. Re1 b5 23. axb5 axb5 24. Nf5 Bxf5 25. exf5 Nf8 26. f6 g6 27. h4 h5 28. g4
hxg4 29. Qxg4 Qd8 30. Qf4 Nh7 31. Rxe8+ Qxe8 32. Qxd6 1-0

[Event "Online Olym Div3 E 2020"]
[Site "chess.com INT"]
[Date "2020.07.07"]
[Round "2.4"]
[Board "4"]
[White "Rosario Almanzar, Raydily"]
[Black "Herrera, Marjorie"]
[Result "0-1"]
[BlackTitle "WCM"]
[WhiteElo "1774"]
[BlackElo "1848"]
[WhiteTeam "Dominican Republic"]
[BlackTeam "El Salvador"]
[WhiteFideId "6403573"]
[BlackFideId "6704743"]
[EventDate "2020.07.07"]
[EventType "team"]

1. e4 c5 2. Nf3 d6 3. d4 cxd4 4. Nxd4 Nf6 5. Nc3 Nc6 6. Be2 e5 7. Nb3 Be7 8. O-O
Be6 9. f4 O-O 10. f5 Bd7 11. Be3 a5 12. a4 Nb4 13. g4 Bc6 14. Bf3 d5 15. exd5
Nfxd5 16. Nxd5 Bxd5 17. Bxd5 Nxd5 18. Qe2 Qc7 19. c3 Rfe8 20. h3 h6 21. Rf2 Bh4
22. Rg2 Nf4 23. Bxf4 exf4 24. Qf3 Re3 25. Qf1 Rxh3 26. Nd4 Rg3 27. Rxg3 Bxg3 28.
Rd1 Re8 29. Qd3 Re3 30. Qd2 Qe7 31. Nc2 Re2 32. Qd3 Qh4 33. Qxe2 Kh7 34. Qg2
Qxg4 35. Nd4 Qxd1+ 36. Qf1 Qxf1+ 37. Kxf1 g6 38. fxg6+ fxg6 39. Nb5 g5 40. Nd6
b6 41. Nc4 Kg6 42. Nxb6 g4 43. c4 f3 44. Nd5 Kf5 45. c5 Be5 46. c6 g3 47. Ne3+
Ke4 48. Nc2 h5 49. b4 axb4 50. a5 g2+ 51. Kf2 Bh2 0-1

[Event "Online Olym Div3 E 2020"]
[Site "chess.com INT"]
[Date "2020.07.07"]
[Round "2.4"]
[Board "5"]
[White "Melara, Moises"]
[Black "Mesa Cruz, Juan Carlos"]
[Result "0-1"]
[WhiteTitle "FM"]
[WhiteElo "2110"]
[BlackElo "1978"]
[WhiteTeam "El Salvador"]
[BlackTeam "Dominican Republic"]
[WhiteFideId "6703917"]
[BlackFideId "6423400"]
[EventDate "2020.07.07"]
[EventType "team"]

1. e4 c5 2. Nc3 Nc6 3. g3 e6 4. Bg2 Nf6 5. f4 Be7 6. e5 Ng8 7. Nf3 Nh6 8. Ne4
Nf5 9. d3 b6 10. O-O h5 11. h3 Bb7 12. c3 d5 13. exd6 Bxd6 14. Qa4 Qd7 15. Nxd6+
Qxd6 16. Ne5 Rc8 17. Kh2 Kf8 18. Nxc6 Bxc6 19. Bxc6 Qxc6 20. Qxc6 Rxc6 21. b4
cxb4 22. c4 Ke7 23. Bd2 a5 24. a3 bxa3 25. Rxa3 Rd8 26. Rb1 Nd4 27. Kg2 Rcd6 28.
Ra2 Nf5 29. Be1 Rxd3 30. Rxb6 Ne3+ 31. Kf2 Nxc4 32. Rb7+ Kf6 33. Rc7 Nd2 34.
Rxa5 Ne4+ 35. Kg2 Re3 36. Ra1 Rdd3 37. g4 Rxh3 38. g5+ Kg6 39. Raa7 Nd6 40. Rd7
Rhe3 41. Kf1 Rd1 42. Kf2 Rexe1 43. Rxd6 Rxd6 44. Kxe1 Rd4 45. Kf2 Rxf4+ 46. Ke3
Kxg5 47. Ra8 h4 48. Rg8 g6 49. Rg7 e5 50. Rh7 f5 51. Rh8 Rg4 52. Kf2 Ra4 53. Re8
Kf4 54. Rh8 g5 55. Kg2 Ra2+ 56. Kh3 g4+ 57. Kxh4 Rh2# 0-1

[Event "Online Olym Div3 E 2020"]
[Site "chess.com INT"]
[Date "2020.07.07"]
[Round "2.4"]
[Board "6"]
[White "Ramirez Luzon, Franchesca"]
[Black "Barahona, Dalila Yamileth"]
[Result "1-0"]
[WhiteElo "1771"]
[BlackElo "1802"]
[WhiteTeam "Dominican Republic"]
[BlackTeam "El Salvador"]
[WhiteFideId "6421792"]
[BlackFideId "6705740"]
[EventDate "2020.07.07"]
[EventType "team"]

1. e4 c5 2. Nc3 g6 3. g3 Bg7 4. Bg2 Nc6 5. d3 e6 6. Nf3 Nge7 7. O-O O-O 8. Re1
d6 9. Be3 b6 10. d4 Rb8 11. Qd2 d5 12. exd5 exd5 13. Bf4 Bg4 14. Bxb8 Bxf3 15.
Bxf3 Nxd4 16. Bg2 Nec6 17. Bf4 Nb4 18. Rac1 Qd7 19. a3 Nbc6 20. Nxd5 Rd8 21.
Rcd1 Qf5 22. c3 Rxd5 23. cxd4 Rxd4 24. Re8+ Bf8 25. Bh6 1-0

[Event "Online Olym Div3 E 2020"]
[Site "chess.com INT"]
[Date "2020.07.07"]
[Round "2.5"]
[Board "1"]
[White "Ibarra Chami, Luis Fernando"]
[Black "Valdes Romero, Leonardo"]
[Result "1-0"]
[WhiteTitle "GM"]
[BlackTitle "IM"]
[WhiteElo "2447"]
[BlackElo "2402"]
[WhiteTeam "Mexico"]
[BlackTeam "Costa Rica"]
[WhiteFideId "5105048"]
[BlackFideId "6500331"]
[EventDate "2020.07.07"]
[EventType "team"]

1. c4 Nf6 2. Nc3 d6 3. g3 g6 4. Bg2 Bg7 5. d3 O-O 6. e4 c5 7. Nge2 Nc6 8. O-O a6
9. h3 Ne8 10. Be3 Nd4 11. Rb1 Nc7 12. b4 Nce6 13. bxc5 dxc5 14. a4 Rb8 15. Nd5
Bd7 16. Nec3 Bc6 17. f4 Nc7 18. g4 e6 19. Nb6 Na8 20. Nxa8 Rxa8 21. e5 Bxg2 22.
Kxg2 Rb8 23. Ne4 Qc7 24. Bxd4 cxd4 25. g5 Qc6 26. Rb4 Rfc8 27. Qb3 b5 28. axb5
axb5 29. Rxb5 Rxb5 30. Qxb5 Qa8 31. Rb1 Qa3 32. Qb3 Qa5 33. Kf3 h5 34. gxh6 Bxh6
35. h4 Bg7 36. Qb7 Rf8 37. Kg4 Qa2 38. Qb2 Qa5 39. h5 Qd8 40. Rh1 gxh5+ 41. Rxh5
f5+ 42. exf6 Bxf6 43. Kf3 Bg7 44. Qg2 Qe8 45. Rg5 Qf7 46. Qg4 Ra8 47. Qh5 Qxh5+
48. Rxh5 Ra3 49. Nf2 Kf7 50. Rb5 Bf6 51. Ke4 Ra2 52. Ng4 Bh4 53. Rb7+ Kg6 54.
Ne5+ Kh6 55. Kxd4 Bf2+ 56. Ke4 Re2+ 57. Kf3 Bd4 58. Kxe2 1-0

[Event "Online Olym Div3 E 2020"]
[Site "chess.com INT"]
[Date "2020.07.07"]
[Round "2.5"]
[Board "2"]
[White "Duran Vega, Sergio"]
[Black "Capo Vidal, Uriel"]
[Result "0-1"]
[WhiteTitle "IM"]
[BlackTitle "IM"]
[WhiteElo "2340"]
[BlackElo "2334"]
[WhiteTeam "Costa Rica"]
[BlackTeam "Mexico"]
[WhiteFideId "6501311"]
[BlackFideId "5105382"]
[EventDate "2020.07.07"]
[EventType "team"]

1. c4 e6 2. Nf3 d5 3. d4 Nf6 4. g3 Be7 5. Bg2 O-O 6. O-O dxc4 7. Qc2 b5 8. a4 c6
9. axb5 cxb5 10. Ng5 h6 11. Bxa8 hxg5 12. Bxg5 Nd5 13. Bxe7 Qxe7 14. Nc3 Nb4 15.
Qd2 a6 16. Bg2 Rd8 17. Rfb1 Nd7 18. b3 Nb6 19. e3 N4d5 20. Ne4 e5 21. bxc4 Nxc4
22. Qe1 Bf5 23. Rd1 Nb2 24. Rd2 Nc4 25. Rdd1 Nb2 26. Rd2 Nc4 27. Re2 Bg4 28. Rc2
Nb4 29. Rc3 exd4 30. exd4 Rxd4 31. h3 Bf5 32. f3 Bxe4 33. fxe4 Qe5 34. Kh2 Nd3
35. Qf1 Nc5 36. Rcc1 Nb3 37. Rxa6 Nxc1 38. Qxc1 Rd2 39. Qf1 Ne3 40. Ra8+ Kh7 41.
Qxf7 Rxg2+ 42. Kh1 Rg1+ 43. Kxg1 Qxg3+ 44. Kh1 Qg2# 0-1

[Event "Online Olym Div3 E 2020"]
[Site "chess.com INT"]
[Date "2020.07.07"]
[Round "2.5"]
[Board "3"]
[White "Corrales Jimenez, Zenia"]
[Black "Hernandez Alvarez, Tania Regla"]
[Result "1-0"]
[WhiteTitle "WIM"]
[BlackTitle "WIM"]
[WhiteElo "2234"]
[BlackElo "2041"]
[WhiteTeam "Mexico"]
[BlackTeam "Costa Rica"]
[WhiteFideId "3506355"]
[BlackFideId "3501442"]
[EventDate "2020.07.07"]
[EventType "team"]

1. e4 d6 2. d4 Nf6 3. Nc3 Nbd7 4. Nf3 e5 5. Bc4 Be7 6. O-O O-O 7. a4 c6 8. h3
Qc7 9. Re1 a5 10. b3 h6 11. Bb2 Re8 12. dxe5 dxe5 13. Nh4 Nb6 14. Bd3 Bb4 15.
Qf3 Qe7 16. Red1 Nh7 17. Nf5 Bxf5 18. Qxf5 Rad8 19. Ne2 Rd6 20. Ng3 Rf6 21. Qh5
Bc5 22. Rf1 Rg6 23. Nf5 Qf6 24. Bc1 Ng5 25. Kh1 Ne6 26. Nh4 Rg5 27. Bxg5 Nxg5
28. Nf3 Nxf3 29. Qxf3 Qg6 30. Rad1 Bd4 31. Qf5 Qd6 32. Be2 Qc5 33. Bd3 Re6 34.
f4 Rf6 35. Qh5 Qe7 36. fxe5 Rxf1+ 37. Rxf1 Bxe5 38. Qf5 f6 39. Be2 Qc5 40. Qe6+
Kh7 41. Bg4 Qf8 42. Bf5+ Kh8 43. Rd1 Na8 44. Qd7 Nc7 45. Qd8 Ne8 46. Bd7 Bc7 47.
Qxe8 1-0

[Event "Online Olym Div3 E 2020"]
[Site "chess.com INT"]
[Date "2020.07.07"]
[Round "2.5"]
[Board "4"]
[White "Castillo Morales, Thais"]
[Black "Real Pereyra, Diana Carime"]
[Result "1/2-1/2"]
[WhiteTitle "WIM"]
[BlackTitle "WIM"]
[WhiteElo "1846"]
[BlackElo "2042"]
[WhiteTeam "Costa Rica"]
[BlackTeam "Mexico"]
[WhiteFideId "6507395"]
[BlackFideId "5104106"]
[EventDate "2020.07.07"]
[EventType "team"]

1. c4 Nf6 2. Nc3 g6 3. g3 Bg7 4. Bg2 O-O 5. e4 d6 6. Nge2 c5 7. O-O Nc6 8. d3
Rb8 9. h3 Nd4 10. Be3 Nd7 11. Qd2 a6 12. Rad1 b5 13. b3 b4 14. Nd5 a5 15. Nxd4
cxd4 16. Bh6 Nc5 17. Bxg7 Kxg7 18. Qb2 e5 19. f4 f5 20. fxe5 dxe5 21. exf5 Bxf5
22. Qe2 Qd6 23. g4 Bd7 24. Be4 a4 25. bxa4 Nxa4 26. Rxf8 Rxf8 27. Rf1 Nc3 28.
Qg2 Rxf1+ 29. Kxf1 Qf8+ 30. Ke1 Be6 31. Qg3 Qb8 32. Qf3 Qd8 33. Nxb4 Qa5 34. Nc6
Qxa2 35. Nxe5 Qa1+ 36. Kf2 Nd1+ 37. Kg3 Ne3 38. Qf2 Nf1+ 39. Kg2 Ne3+ 40. Kg3
Qa5 41. Nc6 Qc7+ 42. Qf4 Nf1+ 43. Kf3 Nh2+ 44. Kg3 Nf1+ 45. Kf3 Nh2+ 46. Kg3
Nf1+ 1/2-1/2

[Event "Online Olym Div3 E 2020"]
[Site "chess.com INT"]
[Date "2020.07.07"]
[Round "2.5"]
[Board "5"]
[White "Tello Chavez, Isaac Valent"]
[Black "Valverde Mora, Mauricio"]
[Result "0-1"]
[WhiteTitle "FM"]
[WhiteElo "2275"]
[BlackElo "1792"]
[WhiteTeam "Mexico"]
[BlackTeam "Costa Rica"]
[WhiteFideId "5114241"]
[BlackFideId "6515223"]
[EventDate "2020.07.07"]
[EventType "team"]

1. c4 Nf6 2. g3 g6 3. Bg2 d5 4. cxd5 Nxd5 5. Nf3 Bg7 6. Nc3 c5 7. O-O O-O 8. Ne1
Nxc3 9. bxc3 Nc6 10. a4 e5 11. Ba3 Qd6 12. Rb1 Rb8 13. d4 exd4 14. cxd4 Qxd4 15.
Nd3 Rd8 16. Bxc5 Qf6 17. Qc2 Bf5 18. e4 Bg4 19. Nf4 Nd4 20. Bxd4 Qxd4 21. h3 Bd7
22. a5 Ba4 23. Qa2 Bc6 24. Nd5 Bxd5 0-1

[Event "Online Olym Div3 E 2020"]
[Site "chess.com INT"]
[Date "2020.07.07"]
[Round "2.5"]
[Board "6"]
[White "Diaz Charpentier, Kristel Meliss"]
[Black "Lopez Sanchez, Anastacia Antonia"]
[Result "1-0"]
[BlackTitle "WCM"]
[WhiteElo "1898"]
[BlackElo "1809"]
[WhiteTeam "Costa Rica"]
[BlackTeam "Mexico"]
[WhiteFideId "6511708"]
[BlackFideId "5115825"]
[EventDate "2020.07.07"]
[EventType "team"]

1. Nf3 g6 2. b3 Bg7 3. d4 Nf6 4. Bb2 O-O 5. g3 d5 6. Bg2 b6 7. O-O c5 8. dxc5
bxc5 9. c4 Bb7 10. cxd5 Bxd5 11. Nc3 Bc6 12. Qc2 Na6 13. Rfd1 Qc7 14. Rac1 Rac8
15. Ba1 Bh6 16. e3 Qb7 17. Nh4 Bxg2 18. Nxg2 c4 19. bxc4 Rxc4 20. Qe2 Rfc8 21.
Rb1 Qa8 22. Nf4 Nb4 23. a3 Bxf4 24. exf4 Nbd5 25. Nxd5 Nxd5 26. Qe5 Nc3 27. Bxc3
Rxc3 28. Qxe7 Qf3 29. Rd8+ Rxd8 30. Qxd8+ Kg7 31. Qd4+ Kh6 32. f5 Qxf5 33. Qd2+
Kh5 34. Rb4 Rf3 35. Rh4# 1-0

[Event "Online Olym Div3 E 2020"]
[Site "chess.com INT"]
[Date "2020.07.07"]
[Round "3.1"]
[Board "1"]
[White "Valdes Romero, Leonardo"]
[Black "Lorenzana, Wilson Estuardo"]
[Result "1/2-1/2"]
[WhiteTitle "IM"]
[BlackTitle "IM"]
[WhiteElo "2402"]
[BlackElo "2220"]
[WhiteTeam "Costa Rica"]
[BlackTeam "Guatemala"]
[WhiteFideId "6500331"]
[BlackFideId "7300239"]
[EventDate "2020.07.07"]
[EventType "team"]

1. Nf3 c5 2. g3 Nc6 3. Bg2 g6 4. O-O Bg7 5. d3 d6 6. c4 e6 7. Nc3 Nge7 8. a3 O-O
9. Rb1 b6 10. Bd2 Bb7 11. b4 Qd7 12. Qa4 h6 13. h4 f5 14. Rfc1 Rad8 15. bxc5
dxc5 16. Nb5 e5 17. Nc3 Nd4 18. Qxd7 Rxd7 19. Nxd4 exd4 20. Na4 Bxg2 21. Kxg2
Nc6 22. Nb2 Re8 23. Re1 Rde7 24. Kf1 Kh7 25. Nd1 Bf6 26. a4 Be5 27. a5 Bc7 28.
axb6 axb6 29. Nb2 Ra8 30. Ra1 Ree8 31. Reb1 Rxa1 32. Rxa1 Rb8 33. Ra6 Rb7 34.
Na4 Nb8 35. Ra8 Kg7 36. Ke1 Bd6 37. Kd1 Be7 38. Bf4 Nd7 39. Kc2 g5 40. hxg5 hxg5
41. Bd2 Bf6 42. Ra6 Kf7 43. Ra8 Be7 44. Ra6 Bf6 45. Ra8 Be7 46. Ra6 Bf6 1/2-1/2

[Event "Online Olym Div3 E 2020"]
[Site "chess.com INT"]
[Date "2020.07.07"]
[Round "3.1"]
[Board "2"]
[White "Ortiz Q, Johnny Alexander"]
[Black "Jimenez Garcia, Emmanuel"]
[Result "0-1"]
[WhiteTitle "FM"]
[BlackTitle "FM"]
[WhiteElo "2192"]
[BlackElo "2397"]
[WhiteTeam "Guatemala"]
[BlackTeam "Costa Rica"]
[WhiteFideId "7300220"]
[BlackFideId "6504779"]
[EventDate "2020.07.07"]
[EventType "team"]

1. e4 b6 2. d4 Bb7 3. Bd3 Nf6 4. Qe2 Nc6 5. c3 e5 6. d5 Nb8 7. Nf3 d6 8. O-O g6
9. c4 a5 10. Nc3 Bg7 11. a3 O-O 12. Bg5 h6 13. Bd2 Na6 14. Bc2 Nh5 15. g3 Bc8
16. Kg2 Bd7 17. h3 Qe8 18. Nb5 f5 19. Nc3 a4 20. Rae1 Nc5 21. Nb5 fxe4 22. Bxe4
Nxe4 23. Qxe4 Nf6 24. Qe2 Bxb5 25. cxb5 Nxd5 26. Rc1 Qf7 27. Nh2 Nf6 28. Rc4
Qd5+ 29. Kg1 Qxb5 30. Ng4 d5 31. Re4 Qxe2 32. Rxe2 Nxg4 33. hxg4 e4 34. Bf4 c5
35. Bc7 Rf6 36. Rd1 Rc6 37. Bf4 g5 38. Bc1 Bd4 39. Be3 Bxe3 40. Rxe3 d4 41. Re2
Re8 42. Rde1 Rce6 43. Kf1 Kf7 44. Rb1 e3 45. fxe3 Rxe3 46. Rf2+ Kg6 47. Kg2 Re2
48. Kf1 Rxf2+ 49. Kxf2 d3 50. b4 axb3 51. Rxb3 c4 52. Rxb6+ Kf7 53. Rd6 Ra8 54.
Rd4 Rxa3 55. Rxc4 Ke6 56. Ke3 d2+ 57. Kxd2 Rxg3 58. Ke2 Kd5 59. Ra4 Ke5 60. Kf2
Rd3 61. Kg2 Rd4 62. Ra6 Rxg4+ 63. Kf3 Rf4+ 64. Ke3 h5 65. Ra5+ Kf6 66. Ra6+ Kf5
67. Ra1 h4 68. Rh1 Ra4 69. Rf1+ Kg6 70. Kf3 Rf4+ 71. Kg2 Rxf1 72. Kxf1 Kf5 73.
Kg2 Kg4 74. Kh2 Kf3 75. Kh3 g4+ 76. Kh2 h3 77. Kh1 g3 78. Kg1 g2 79. Kh2 Kf2 80.
Kxh3 g1=Q 81. Kh4 Qg6 82. Kh3 Qg3# 0-1